LEADER 01835oam 2200469M 450 001 9910716341603321 005 20200213070615.1 035 $a(CKB)5470000002520720 035 $a(OCoLC)1065979314 035 $a(OCoLC)995470000002520720 035 $a(EXLCZ)995470000002520720 100 $a20071213d1926 ua 0 101 0 $aeng 135 $aurcn||||||||| 181 $ctxt$2rdacontent 182 $cc$2rdamedia 183 $acr$2rdacarrier 200 10$aExtending the term of the National Screw Thread Commission. February 5, 1926. -- Committed to the Committee of the Whole House on the State of the Union and ordered to be printed 210 1$a[Washington, D.C.] :$c[U.S. Government Printing Office],$d1926. 215 $a1 online resource (2 pages) 225 1 $aHouse report / 69th Congress, 1st session. House ;$vno. 198 225 1 $a[United States congressional serial set ] ;$v[serial no. 8531] 300 $aBatch processed record: Metadata reviewed, not verified. Some fields updated by batch processes. 300 $aFDLP item number not assigned. 606 $aIndependent regulatory commissions 606 $aManufacturing industries 606 $aScrews 606 $aStandards 608 $aLegislative materials.$2lcgft 615 0$aIndependent regulatory commissions. 615 0$aManufacturing industries. 615 0$aScrews. 615 0$aStandards. 701 $aPerkins$b Randolph$f1871-1936$pRepublican (NJ)$01389119 801 0$bWYU 801 1$bWYU 801 2$bOCLCO 801 2$bOCLCQ 906 $aBOOK 912 $a9910716341603321 996 $aExtending the term of the National Screw Thread Commission. February 5, 1926. -- Committed to the Committee of the Whole House on the State of the Union and ordered to be printed$93442084 997 $aUNINA LEADER 01237nam 2200397 450 001 9910157559203321 005 20231011191749.0 035 $a(CKB)3710000000984990 035 $a(MiAaPQ)EBC4773653 035 $a(EXLCZ)993710000000984990 100 $a20170116h20172017 uy 0 101 0 $aeng 135 $aurcnu|||||||| 181 $2rdacontent 182 $2rdamedia 183 $2rdacarrier 200 10$aArsenic is everywhere $ecause for concern? /$fWilliam R. Cullen and Kenneth J. Reimer 210 1$aCambridge, [England] :$cRoyal Society of Chemistry,$d2017. 210 4$dİ2017 215 $a1 online resource (314 pages) $cillustrations 320 $aIncludes bibliographical references at the end of each chapters and index. 517 $aArsenic is Everywhere 606 $aArsenic$xToxicology 606 $aArsenic$xPhysiological effect 615 0$aArsenic$xToxicology. 615 0$aArsenic$xPhysiological effect. 676 $a615.925715 700 $aCullen$b William R.$01203062 702 $aReimer$b Kenneth J. 801 0$bMiAaPQ 801 1$bMiAaPQ 801 2$bMiAaPQ 906 $aBOOK 912 $a9910157559203321 996 $aArsenic is everywhere$92787939 997 $aUNINA